[Event "Landesliga Sued 1920"]
[Site "Bayern"]
[Date "2020.01.19"]
[Round "5.8"]
[White "Posch, Roland"]
[Black "Czap, Bernard"]
[Result "1-0"]
[WhiteElo "2113"]
[BlackElo "2072"]
[PlyCount "103"]
[EventDate "2019.09.29"]
[EventType "team-tourn"]
[EventRounds "9"]
[EventCountry "GER"]
[SourceTitle "EXT 2021"]
[Source "ChessBase"]
[SourceDate "2020.10.23"]
[SourceVersion "1"]
[SourceVersionDate "2020.10.23"]
[SourceQuality "1"]
[WhiteTeam "Rottal Inn"]
[BlackTeam "Unterhaching"]
[WhiteTeamCountry "GER"]
[BlackTeamCountry "GER"]

1. e4 d6 2. d4 Nf6 3. Nd2 e5 4. Ngf3 exd4 5. Nxd4 Be7 6. Be2 0-0 7. 0-0 d5 8. e5 Ne4 9. c4 Nxd2 10. Qxd2 c5 11. Nf3 d4 12. Bd3 Nc6 13. Re1 Be6 14. a3 Qd7 15. Qf4 Na5 16. Qe4 g6 17. Bh6 Bf5 18. Qe2 Rfe8 19. Qc2 Bxd3 20. Qxd3 Nc6 21. h3 Rad8 22. Nd2 Qc7 23. f4 a6 24. Ne4 b5 25. Bg5 Bxg5 26. Nxg5 b4 27. Ne4 Re7 28. Nf6+ Kg7 29. Nd5 Qd7 30. Nxe7 Qxe7 31. Re2 Qe6 32. a4 b3 33. Qxb3 Rb8 34. Qf3 Qxc4 35. Rf2 Ne7 36. g4 Rb3 37. Qg2 Qd5 38. Qxd5 Nxd5 39. Rc1 Nb4 40. Rxc5 Nd3 41. Rc7 Nxf2 42. Kxf2 Rxb2+ 43. Kf3 Kf8 44. f5 Rb4 45. f6 Rb8 46. Ke4 Rd8 47. Kd3 h5 48. Ra7 hxg4 49. hxg4 Kg8 50. Rxa6 Rd5 51. Ra8+ Kh7 52. e6 1-0

[Event "Pfarrkirchen Rottal op 2nd"]
[Site "Pfarrkirchen"]
[Date "2018.04.02"]
[Round "6"]
[White "Posch, Roland"]
[Black "Huber, Herbert"]
[Result "1-0"]
[WhiteElo "2106"]
[BlackElo "1779"]
[PlyCount "53"]
[EventDate "2018.03.30"]
[EventType "swiss"]
[EventRounds "7"]
[EventCountry "GER"]
[SourceTitle "CBM 183 Extra"]
[Source "ChessBase"]
[SourceDate "2018.04.19"]
[SourceVersion "1"]
[SourceVersionDate "2018.04.19"]
[SourceQuality "1"]

1. e4 c5 2. Nf3 g6 3. Bc4 Bg7 4. 0-0 Nc6 5. c3 e6 6. Qe2 Nge7 7. d3 0-0 8. Nbd2 Qc7 9. Re1 Na5 10. Bb5 d6 11. Nf1 Bd7 12. Bxd7 Qxd7 13. Be3 Nac6 14. Qd2 f5 15. Bh6 fxe4 16. dxe4 Rad8 17. Bxg7 Kxg7 18. Qe3 Ng8 19. e5 Nh6 20. exd6 Nf5 21. Qxe6 Qxd6 22. Qxd6 Rxd6 23. Ng5 Nd8 24. Rad1 h6 25. Ne4 Rxd1 26. Rxd1 b6 27. Rd7+ 1-0

[Event "Weiz op 16th"]
[Site "Weiz"]
[Date "2017.06.15"]
[Round "1.5"]
[White "Maier, Gerald"]
[Black "Posch, Roland"]
[Result "1/2-1/2"]
[WhiteElo "1911"]
[BlackElo "2108"]
[PlyCount "174"]
[EventDate "2017.06.15"]
[EventType "swiss"]
[EventRounds "5"]
[EventCountry "AUT"]
[SourceTitle "EXT 2024"]
[Source "ChessBase"]
[SourceDate "2023.10.10"]
[SourceVersion "1"]
[SourceVersionDate "2023.10.10"]
[SourceQuality "1"]

1. e4 e5 2. Nf3 Nc6 3. Bc4 Nf6 4. d3 Be7 5. c3 0-0 6. Bb3 d5 7. Qe2 Qd6 8. Bg5 Be6 9. Nbd2 h6 10. Bxf6 Bxf6 11. 0-0 Rad8 12. Rad1 d4 13. Bxe6 Qxe6 14. c4 Ne7 15. Ne1 Ng6 16. g3 Bg5 17. Ndf3 Qg4 18. Nxd4 Qxe2 19. Nxe2 Rd7 20. f4 Bf6 21. Nc3 c6 22. f5 Ne7 23. b4 Rfd8 24. Kf2 Nc8 25. Ke2 Be7 26. Rb1 Nb6 27. Rf3 h5 28. h3 h4 29. a4 hxg3 30. Rxg3 Nc8 31. b5 Bc5 32. a5 Bd4 33. Na4 cxb5 34. Rxb5 Nd6 35. Rd5 Ne8 36. Nf3 Nf6 37. Rxd4 exd4 38. e5 Re7 39. Kf2 Ne8 40. Nc5 Rc7 41. Nb3 Rc6 42. Nfxd4 Ra6 43. Ke3 Kf8 44. Nb5 b6 45. axb6 axb6 46. d4 Rc8 47. c5 bxc5 48. Nxc5 Ra5 49. Nc3 Ra3 50. Ke4 Nc7 51. Rd3 Na6 52. N3a4 Rxd3 53. Kxd3 Nxc5+ 54. Nxc5 Ke7 55. Kc4 Rh8 56. d5 Rxh3 57. d6+ Kd8 58. Kd5 Rf3 59. Kc6 Rc3 60. e6 fxe6 61. fxe6 g5 62. Kd5 g4 63. Nb7+ Kc8 64. d7+ Kxb7 65. e7 Rd3+ 66. Kc4 Rxd7 67. e8Q Kc6 68. Qe4+ Kd6 69. Qxg4 Re7 70. Kd4 Re6 71. Qg5 Kd7 72. Qg7+ Kc6 73. Qa7 Kd6 74. Qc5+ Kd7 75. Kd5 Rf6 76. Qa7+ Kd8 77. Ke5 Rc6 78. Qb8+ Kd7 79. Kd5 Rf6 80. Qb7+ Kd8 81. Ke5 Rg6 82. Qf3 Ke7 83. Qa3+ Kf7 84. Qb3+ Ke8 85. Kf5 Rd6 86. Qb7 Kd8 87. Ke5 Rg6 1/2-1/2

[Event "Oberoesterreich-ch op"]
[Site "Traun"]
[Date "2017.04.13"]
[Round "7"]
[White "Posch, Roland"]
[Black "Heuschober, Walter"]
[Result "1-0"]
[WhiteElo "2108"]
[BlackElo "1919"]
[PlyCount "55"]
[EventDate "2017.04.07"]
[EventType "swiss"]
[EventRounds "9"]
[EventCountry "AUT"]
[SourceTitle "EXT 2024"]
[Source "ChessBase"]
[SourceDate "2023.10.10"]
[SourceVersion "1"]
[SourceVersionDate "2023.10.10"]
[SourceQuality "1"]

1. e4 c5 2. Nf3 Nc6 3. c3 d5 4. exd5 Qxd5 5. d4 Bg4 6. Be2 e6 7. 0-0 Nf6 8. Na3 cxd4 9. Nb5 0-0-0 10. Nbxd4 Bd6 11. Ng5 Bxe2 12. Qxe2 Nxd4 13. cxd4 Rd7 14. Be3 Kb8 15. Rfc1 Rc8 16. Rxc8+ Kxc8 17. Nxh7 Nxh7 18. Qc2+ Rc7 19. Qxh7 Bf8 20. Qg8 Qd8 21. Bf4 Re7 22. Bd6 Re8 23. Rc1+ Kd7 24. Bxf8 Qf6 25. Qxg7 Qf4 26. Qh6 Qxd4 27. Bg7 Qd5 28. Qf4 1-0

[Event "Oberoesterreich-ch op"]
[Site "Traun"]
[Date "2017.04.08"]
[Round "2"]
[White "Posch, Roland"]
[Black "Lange, Wilhelm"]
[Result "1-0"]
[WhiteElo "2108"]
[BlackElo "1891"]
[PlyCount "79"]
[EventDate "2017.04.07"]
[EventType "swiss"]
[EventRounds "9"]
[EventCountry "AUT"]
[SourceTitle "EXT 2024"]
[Source "ChessBase"]
[SourceDate "2023.10.10"]
[SourceVersion "1"]
[SourceVersionDate "2023.10.10"]
[SourceQuality "1"]

1. e4 e5 2. Nf3 Nc6 3. Nc3 Nf6 4. d4 exd4 5. Nxd4 Nxd4 6. Qxd4 c5 7. Qe5+ Qe7 8. Qxe7+ Bxe7 9. e5 Ng4 10. Bf4 g5 11. Bg3 h5 12. h3 Nh6 13. Nd5 Bd8 14. Bd3 0-0 15. h4 g4 16. 0-0-0 a6 17. Nf4 b5 18. Be4 Ra7 19. Nxh5 f5 20. exf6 Bxf6 21. Bd6 Bd4 22. Bd5+ Rf7 23. Bb8 Rb7 24. Bf4 Rb6 25. c3 Bg7 26. Nxg7 Kxg7 27. Bxh6+ Rxh6 28. Bxf7 Kxf7 29. Rd5 d6 30. Rg5 Kf6 31. g3 Bf5 32. Rd1 Ke5 33. Re1+ Kf6 34. Re8 Kf7 35. Ra8 Rf6 36. Rgg8 Ke6 37. Rae8+ Kd7 38. Ref8 Ke6 39. Rxf6+ Kxf6 40. Ra8 1-0

[Event "Hoersching op 4th"]
[Site "Hoersching"]
[Date "2016.09.02"]
[Round "5"]
[White "Seebacher, Gottfried"]
[Black "Posch, Roland"]
[Result "0-1"]
[WhiteElo "1816"]
[BlackElo "2087"]
[PlyCount "100"]
[EventDate "2016.08.29"]
[EventType "swiss"]
[EventRounds "7"]
[EventCountry "AUT"]
[SourceTitle "CBM 174 Extra"]
[Source "ChessBase"]
[SourceDate "2016.10.10"]
[SourceVersion "1"]
[SourceVersionDate "2016.10.10"]
[SourceQuality "1"]

1. Nf3 Nf6 2. g3 g6 3. Bg2 Bg7 4. 0-0 0-0 5. d4 d6 6. c3 Nbd7 7. Nbd2 c6 8. Qc2 e5 9. Re1 Qc7 10. e4 Re8 11. Nf1 Nf8 12. dxe5 dxe5 13. h3 b6 14. Be3 Bb7 15. Rad1 c5 16. N1d2 Rad8 17. Nh2 Bc6 18. Ndf1 Qb7 19. f3 Ne6 20. Qc1 Qa6 21. Qc2 Rxd1 22. Rxd1 Qxa2 23. Rd6 Ba4 24. Qd2 Bf8 25. Bg5 Bxd6 26. Bxf6 Be7 27. Ng4 Rd8 28. Qh6 Bf8 29. Qh4 Rd1 30. Bxe5 Bg7 31. Nf6+ Bxf6 32. Qxf6 Kf8 33. Qh8+ Ke7 34. Qf6+ Ke8 35. Qh8+ Kd7 36. Kh2 Qxb2 37. Ne3 Rd2 38. c4 Nd4 39. Qf6 Nxf3+ 40. Qxf3 Qxe5 41. Ng4 Qe6 42. Nf6+ Kd8 43. Qf4 Qd6 44. e5 Qd4 45. Qg5 Kc8 46. Nd5 Qf2 47. Qg4+ Bd7 48. Qe4 Qxg2+ 49. Qxg2 Rxg2+ 50. Kxg2 Bc6 0-1

[Event "Hoersching op 4th"]
[Site "Hoersching"]
[Date "2016.08.29"]
[Round "1"]
[White "Zenuni, Salim"]
[Black "Posch, Roland"]
[Result "0-1"]
[WhiteElo "1610"]
[BlackElo "2087"]
[PlyCount "102"]
[EventDate "2016.08.29"]
[EventType "swiss"]
[EventRounds "7"]
[EventCountry "AUT"]
[SourceTitle "CBM 174 Extra"]
[Source "ChessBase"]
[SourceDate "2016.10.10"]
[SourceVersion "1"]
[SourceVersionDate "2016.10.10"]
[SourceQuality "1"]

1. e4 e5 2. Nf3 Nc6 3. Nc3 Nf6 4. Bc4 Nxe4 5. Bxf7+ Kxf7 6. Nxe4 d5 7. Neg5+ Kg8 8. d4 h6 9. Nh3 Bg4 10. Nhg1 e4 11. h3 exf3 12. Nxf3 Bxf3 13. gxf3 Qf6 14. Be3 Re8 15. c3 Ne7 16. Qe2 Nf5 17. 0-0-0 Rxe3 18. fxe3 Ng3 19. Qg2 Nxh1 20. Qxh1 Bd6 21. e4 Kh7 22. e5 Qf4+ 23. Kb1 Be7 24. Qg2 Rf8 25. Rf1 Bg5 26. a3 Qd2 27. Qh1 Rf4 28. Ka1 Be7 29. Rd1 Qe3 30. Rf1 Qe2 31. Ka2 Bh4 32. Ka1 Bf2 33. Qg2 Qxf3 34. Qxf3 Rxf3 35. Kb1 Kg6 36. Kc2 Kf7 37. Kd1 Rf4 38. Ke2 Bg3 39. Rf3 Rxf3 40. Kxf3 Bh4 41. Ke2 Bg5 42. Kd3 Ke6 43. b3 Kf5 44. a4 Kf4 45. b4 Kg3 46. c4 c6 47. b5 a5 48. c5 Kxh3 49. Ke2 Kg2 50. e6 h5 51. Kd3 h4 0-1

[Event "Donau op 23rd"]
[Site "Aschach"]
[Date "2014.12.30"]
[Round "6"]
[White "Posch, Roland"]
[Black "Schwabeneder, Florian"]
[Result "1/2-1/2"]
[WhiteElo "2162"]
[BlackElo "2377"]
[PlyCount "55"]
[EventDate "2014.12.26"]
[EventType "swiss"]
[EventRounds "7"]
[EventCountry "AUT"]
[SourceTitle "CBM 164 Extra"]
[Source "ChessBase"]
[SourceDate "2015.03.02"]
[SourceVersion "1"]
[SourceVersionDate "2015.03.02"]
[SourceQuality "1"]

1. e4 g6 2. Nc3 Bg7 3. Nge2 c6 4. d4 d5 5. exd5 cxd5 6. Nf4 Nf6 7. Be2 Nc6 8. Bf3 Bf5 9. Nfxd5 Nxd5 10. Nxd5 Nxd4 11. Ne3 Nxf3+ 12. Qxf3 Be6 13. 0-0 Qc7 14. c3 0-0 15. Nd5 Qc5 16. Nf4 Bc4 17. Re1 e5 18. Ne2 Rad8 19. Be3 Qc7 20. b3 Bd3 21. Rac1 f5 22. Bg5 Rd7 23. Nd4 e4 24. Qh3 Re8 25. Qe3 Qb6 26. Bh6 Be5 27. Bf4 Bh8 28. Qxd3 1/2-1/2

[Event "Weiz-ch 12th"]
[Site "Weiz"]
[Date "2013.05.31"]
[Round "2"]
[White "Danner, Georg"]
[Black "Posch, Roland"]
[Result "1-0"]
[WhiteElo "2343"]
[BlackElo "2130"]
[PlyCount "136"]
[EventDate "2013.05.30"]
[EventType "swiss"]
[EventRounds "5"]
[EventCountry "AUT"]
[SourceTitle "CBM 154 Extra"]
[Source "ChessBase"]
[SourceDate "2013.06.25"]
[SourceVersion "2"]
[SourceVersionDate "2013.06.25"]
[SourceQuality "1"]

1. d4 Nf6 2. c4 e6 3. Nf3 d5 4. Bg5 Be7 5. e3 0-0 6. Nc3 Nbd7 7. Qc2 c6 8. Rc1 dxc4 9. Bxc4 Nd5 10. Bxe7 Qxe7 11. 0-0 N5b6 12. Bd3 h6 13. Ne4 e5 14. Ng3 Nd5 15. Bc4 N5b6 16. Bb3 exd4 17. Nxd4 Nf6 18. Ndf5 Qe5 19. Qc3 Qxc3 20. Rxc3 Bxf5 21. Nxf5 Ne4 22. Rc2 Rfd8 23. Nd4 Nd5 24. a3 Rd7 25. g3 Rad8 26. Rfc1 Kf8 27. Bc4 Ke7 28. Bd3 Ndf6 29. Be2 g6 30. b4 Kf8 31. Kg2 Re7 32. Nb3 Kg7 33. h3 Nd5 34. Nd4 Nec3 35. Bf3 Ne4 36. h4 Ra8 37. h5 a5 38. hxg6 fxg6 39. b5 cxb5 40. Nxb5 Rd8 41. Nd4 Ng5 42. Bxd5 Rxd5 43. Rb2 Ne4 44. Rc8 Rde5 45. Rbc2 Nd6 46. Ra8 Nf5 47. Rd2 Nxd4 48. Rxd4 Rb5 49. a4 Rb2 50. Rxa5 Rxe3 51. Rd7+ Kf6 52. Ra8 Re6 53. Rf8+ Ke5 54. Rd3 Rb4 55. Rd2 Rbb6 56. Rf7 Rf6 57. Re2+ Kf5 58. Rfe7 g5 59. a5 Ra6 60. R2e5+ Kg6 61. Rxb7 Rac6 62. Rb2 Ra6 63. Reb5 Ra7 64. g4 Raa6 65. f3 Ra7 66. Kg3 h5 67. gxh5+ Kxh5 68. Rb6 Ra6 1-0

[Event "Hoersching op 1st"]
[Site "Hoersching"]
[Date "2013.03.22"]
[Round "1"]
[White "Posch, Roland"]
[Black "Thaller, Andreas"]
[Result "1-0"]
[WhiteElo "2126"]
[BlackElo "1691"]
[PlyCount "45"]
[EventDate "2013.03.22"]
[EventType "swiss"]
[EventRounds "7"]
[EventCountry "AUT"]
[SourceTitle "CBM 153 Extra"]
[Source "ChessBase"]
[SourceDate "2013.04.22"]
[SourceVersion "1"]
[SourceVersionDate "2013.04.22"]
[SourceQuality "1"]

1. e4 d5 2. exd5 Nf6 3. Bb5+ Bd7 4. Bc4 Bg4 5. f3 Bf5 6. Nc3 a6 7. a4 Nbd7 8. a5 Ne5 9. Bb3 Qd6 10. d4 Ng6 11. Nge2 0-0-0 12. Ng3 Bd7 13. Nce4 Nxe4 14. Nxe4 Qb4+ 15. c3 Qb5 16. c4 Qb4+ 17. Bd2 e6 18. Bxb4 Bxb4+ 19. Kf2 exd5 20. cxd5 Rhe8 21. Qc2 Bb5 22. Rhc1 Rd7 23. Ba4 1-0

[Event "Latschach op 28th"]
[Site "Latschach"]
[Date "2012.08.15"]
[Round "6"]
[White "Sandhoefner, Florian"]
[Black "Posch, Roland"]
[Result "1/2-1/2"]
[WhiteElo "2227"]
[BlackElo "2122"]
[PlyCount "54"]
[EventDate "2012.08.11"]
[EventType "swiss"]
[EventRounds "9"]
[EventCountry "AUT"]
[SourceTitle "CBM 149 Extra"]
[Source "ChessBase"]
[SourceDate "2012.08.24"]
[SourceVersion "1"]
[SourceVersionDate "2012.08.24"]
[SourceQuality "1"]

1. d4 Nf6 2. c4 e6 3. Nc3 d5 4. Bg5 Nbd7 5. e3 c6 6. Nf3 Be7 7. Qc2 0-0 8. Rc1 Re8 9. cxd5 exd5 10. Bd3 Nf8 11. h3 Ne4 12. Bf4 Nxc3 13. bxc3 Bd6 14. Bxd6 Qxd6 15. 0-0 Ng6 16. c4 dxc4 17. Bxc4 Be6 18. Be2 Bd5 19. Rfe1 Qf6 20. Nd2 Qg5 21. e4 Nf4 22. Bg4 Be6 23. Nf3 Qg6 24. Ne5 Qg5 25. h4 Qf6 26. g3 Ng6 27. Nxg6 hxg6 1/2-1/2

[Event "Latschach op 28th"]
[Site "Latschach"]
[Date "2012.08.12"]
[Round "2"]
[White "Dreher, Willi"]
[Black "Posch, Roland"]
[Result "1/2-1/2"]
[WhiteElo "1923"]
[BlackElo "2122"]
[PlyCount "119"]
[EventDate "2012.08.11"]
[EventType "swiss"]
[EventRounds "9"]
[EventCountry "AUT"]
[SourceTitle "CBM 149 Extra"]
[Source "ChessBase"]
[SourceDate "2012.08.24"]
[SourceVersion "1"]
[SourceVersionDate "2012.08.24"]
[SourceQuality "1"]

1. c4 e5 2. g3 Nc6 3. Bg2 Nf6 4. Nc3 Be7 5. Nf3 d5 6. cxd5 Nxd5 7. Nxe5 Nxc3 8. Bxc6+ bxc6 9. bxc3 Qd5 10. Nf3 Bh3 11. Qb3 Bg2 12. Qxd5 cxd5 13. Rg1 Bxf3 14. exf3 0-0 15. d4 Bd6 16. Rb1 Rab8 17. Rxb8 Rxb8 18. Kd2 Rb6 19. Kc2 Kf8 20. Be3 Ke7 21. Rb1 Ra6 22. Rb2 Kd7 23. Kb1 Rc6 24. Kc2 Ke6 25. Kd3 Ra6 26. Kc2 Kf5 27. h4 h5 28. Kd3 f6 29. Kc2 g5 30. hxg5 fxg5 31. c4 h4 32. g4+ Kg6 33. c5 Be7 34. Kb3 Rf6 35. Rb1 Rxf3 36. Kb4 Rf8 37. Rh1 Rb8+ 38. Ka5 Rb2 39. Ra1 h3 40. a4 c6 41. Ka6 Bd8 42. Kxa7 Bc7 43. Rh1 h2 44. a5 Kf6 45. Ka6 Ke6 46. Bxg5 Rxf2 47. Kb7 Kd7 48. Re1 Rb2+ 49. Ka6 Re2 50. Rxe2 h1Q 51. Re7+ Kc8 52. Re8+ Bd8 53. Rxd8+ Kc7 54. Rd6 Qf1+ 55. Ka7 Qf7 56. a6 Kc8+ 57. Ka8 Qf1 58. Ka7 Qf7+ 59. Ka8 Qf1 60. Ka7 1/2-1/2